UBT Library

RENAL AND ELECTROLYTE (Record no. 58619)

000 -LEADER
fixed length control field 00316nam a22001457a 4500
008 - FIXED-LENGTH DATA ELEMENTS--GENERAL INFORMATION
fixed length control field 221020b ||||| |||| 00| 0 eng d
020 ## - INTERNATIONAL STANDARD BOOK NUMBER
International Standard Book Number 0316774758
041 ## - LANGUAGE CODE
Language code of text/sound track or separate title eng
080 ## - UNIVERSAL DECIMAL CLASSIFICATION NUMBER
Universal Decimal Classification number 721
082 ## - DEWEY DECIMAL CLASSIFICATION NUMBER
Classification number 721 LIT
100 ## - Rafti
Rafti 20.2
101 ## - Shkurtesa
Shkurtesa ELE
245 ## - TITLE STATEMENT
Title RENAL AND ELECTROLYTE
Statement of responsibility, etc LITTLE BROWN
942 ## - ADDED ENTRY ELEMENTS (KOHA)
Source of classification or shelving scheme
Item type Books
Holdings
Withdrawn status Lost status Source of classification or shelving scheme Damaged status Not for loan Collection code Permanent location Current location Date acquired Total Checkouts Full call number Barcode Date last seen Price effective from Koha item type
          Koleksioni i përgjithshem UBT - Lipjan UBT - Lipjan 10/20/2022   721 LIT 002-800028700260255 10/20/2022 10/20/2022 Books
UBT Library © 2015-2024. All rights reserved University Education for Business and Technology